| 000 | 01287nam a2200229 a 4500 | ||
|---|---|---|---|
| 001 | 000006484 | ||
| 005 | 20200929153932.0 | ||
| 008 | 090831s1999 dr 001 0 spa d | ||
| 040 |
_aDO-SdBNP _bspa _cBNPHU |
||
| 082 |
_a332.7 _bS593c |
||
| 100 | 1 |
_aSimó Torres, Dennis R. _917963 |
|
| 245 | 1 | 0 |
_aCrédito bancario / _cDennis R. Simó Torres, Dennis Simó Álvarez. |
| 260 |
_aSanto Domingo : _bAmigo del Hogar, _c1999. |
||
| 300 |
_a311 p. : _bil. ; _c23 cm. |
||
| 500 | _aIncluye notas al pie de las páginas | ||
| 500 | _aIncluye datos biográficos de los autores | ||
| 504 | _aBibliografía : p. 311 | ||
| 505 | 2 | _aIntroducción -- investigación de crédito -- Análisis de crédito - factores no financieros -- Análisis de crédito - factores financieros -- Presentación de los Estados Financieros comparativos -- Ciclos económicos -- Metodología para preparación del crédito -- Las visitas a los clientes -- Políticas de crédito -- Preparación de un oficial de crédito -- Evaluación de las operaciones de crédito -- Normas prudenciales y clasificación de cartera -- Algunas deficiencias en las empresas -- Orígenes de la problemática crediticia. | |
| 650 | 4 |
_aPrestamos bancarios _97899 |
|
| 650 | 4 |
_aCréditos _917964 |
|
| 700 | 1 |
_aSimó Álvarez, Dennis _917965 |
|
| 999 |
_c6275 _d6275 |
||